000 00670cam a2200217Ia 4500
008
020 _a0961864419 (pbk.)
049 _aMAIN
090 _aREF HB61
100 1 _aSeplaki, Les.
245 1 0 _aAttorneys' dictionary and handbook of economics and statistics /
_cLes Seplaki.
260 _aNew York :
_bProfessional Horizons Press,
_cc1991.
300 _a1 v. (various pagings) :
_bill. ;
_c28 cm.
650 0 _aEconomics
_xDictionaries.
650 0 _aStatistics
_xDictionaries.
907 _a.b10074521
_b16-01-07
_c17-04-03
003
005 20230120191419.0
040 _cNUST
942 _cBOOKS
_kREF HB61
999 _c100721
_d100721